<?xml version="1.0" encoding="UTF-8"?>
<record
    xmlns:xsi="http://www.w3.org/2001/XMLSchema-instance"
    xsi:schemaLocation="http://www.loc.gov/MARC21/slim http://www.loc.gov/standards/marcxml/schema/MARC21slim.xsd"
    xmlns="http://www.loc.gov/MARC21/slim">

  <leader>00700nam a22001817a 4500</leader>
  <controlfield tag="008">110909t        xxu||||| |||| 00| 0 eng d</controlfield>
  <datafield tag="020" ind1=" " ind2=" ">
    <subfield code="a">9781861525895</subfield>
  </datafield>
  <datafield tag="050" ind1=" " ind2=" ">
    <subfield code="a">BF121 .H33</subfield>
  </datafield>
  <datafield tag="100" ind1=" " ind2=" ">
    <subfield code="a"> Hayes, Nicky,</subfield>
  </datafield>
  <datafield tag="245" ind1=" " ind2=" ">
    <subfield code="a">Foundations of psychology /</subfield>
  </datafield>
  <datafield tag="250" ind1=" " ind2=" ">
    <subfield code="a">3rd ed.</subfield>
  </datafield>
  <datafield tag="260" ind1=" " ind2=" ">
    <subfield code="a">London : </subfield>
    <subfield code="b">Thomson Learning, </subfield>
    <subfield code="c"> 2000.</subfield>
  </datafield>
  <datafield tag="300" ind1=" " ind2=" ">
    <subfield code="a">xxv, 897 p. : </subfield>
    <subfield code="b">ill. (some col.) ; </subfield>
    <subfield code="c">26 cm</subfield>
  </datafield>
  <datafield tag="500" ind1=" " ind2=" ">
    <subfield code="a">Includes bibliographical references and index</subfield>
  </datafield>
  <datafield tag="505" ind1=" " ind2=" ">
    <subfield code="a">Contents: Perspectives in psychology -- Cognitive psychology -- Individuality and abnormality -- Physiological psychology -- Social psychology -- Developmental psychology -- Comparative psychology</subfield>
  </datafield>
  <datafield tag="650" ind1=" " ind2=" ">
    <subfield code="a">Psychology.</subfield>
  </datafield>
  <datafield tag="942" ind1=" " ind2=" ">
    <subfield code="2">lcc</subfield>
    <subfield code="c">BK</subfield>
  </datafield>
  <datafield tag="999" ind1=" " ind2=" ">
    <subfield code="c">95</subfield>
    <subfield code="d">7595</subfield>
  </datafield>
  <datafield tag="952" ind1=" " ind2=" ">
    <subfield code="0">0</subfield>
    <subfield code="1">0</subfield>
    <subfield code="2">lcc</subfield>
    <subfield code="4">0</subfield>
    <subfield code="7">0</subfield>
    <subfield code="a">WIUC-1</subfield>
    <subfield code="b">WIUC-1</subfield>
    <subfield code="c">GEN</subfield>
    <subfield code="d">2011-09-09</subfield>
    <subfield code="l">0</subfield>
    <subfield code="o">BF121 .H33</subfield>
    <subfield code="p">208/11</subfield>
    <subfield code="r">2011-09-09 00:00:00</subfield>
    <subfield code="t">1</subfield>
    <subfield code="w">2011-09-09</subfield>
    <subfield code="y">BK</subfield>
  </datafield>
  <datafield tag="952" ind1=" " ind2=" ">
    <subfield code="0">0</subfield>
    <subfield code="1">0</subfield>
    <subfield code="2">lcc</subfield>
    <subfield code="4">0</subfield>
    <subfield code="7">0</subfield>
    <subfield code="a">WIUC-1</subfield>
    <subfield code="b">WIUC-1</subfield>
    <subfield code="c">GEN</subfield>
    <subfield code="d">2011-09-09</subfield>
    <subfield code="l">0</subfield>
    <subfield code="o">BF121 .H331</subfield>
    <subfield code="p">209/11</subfield>
    <subfield code="r">2011-09-09 00:00:00</subfield>
    <subfield code="t">2</subfield>
    <subfield code="w">2011-09-09</subfield>
    <subfield code="y">BK</subfield>
  </datafield>
  <datafield tag="952" ind1=" " ind2=" ">
    <subfield code="0">0</subfield>
    <subfield code="1">0</subfield>
    <subfield code="2">lcc</subfield>
    <subfield code="4">0</subfield>
    <subfield code="7">0</subfield>
    <subfield code="a">WIUC-1</subfield>
    <subfield code="b">WIUC-1</subfield>
    <subfield code="c">GEN</subfield>
    <subfield code="d">2011-09-09</subfield>
    <subfield code="l">0</subfield>
    <subfield code="o">BF121 .H332</subfield>
    <subfield code="p">210/11</subfield>
    <subfield code="r">2011-09-09 00:00:00</subfield>
    <subfield code="t">3</subfield>
    <subfield code="w">2011-09-09</subfield>
    <subfield code="y">BK</subfield>
  </datafield>
  <datafield tag="952" ind1=" " ind2=" ">
    <subfield code="0">0</subfield>
    <subfield code="1">0</subfield>
    <subfield code="2">lcc</subfield>
    <subfield code="4">0</subfield>
    <subfield code="7">0</subfield>
    <subfield code="a">WIUC-1</subfield>
    <subfield code="b">WIUC-1</subfield>
    <subfield code="c">GEN</subfield>
    <subfield code="d">2011-09-09</subfield>
    <subfield code="l">0</subfield>
    <subfield code="o">BF121 .H333</subfield>
    <subfield code="p">211/11</subfield>
    <subfield code="r">2011-09-09 00:00:00</subfield>
    <subfield code="t">4</subfield>
    <subfield code="w">2011-09-09</subfield>
    <subfield code="y">BK</subfield>
  </datafield>
  <datafield tag="952" ind1=" " ind2=" ">
    <subfield code="0">0</subfield>
    <subfield code="1">0</subfield>
    <subfield code="2">lcc</subfield>
    <subfield code="4">0</subfield>
    <subfield code="7">0</subfield>
    <subfield code="a">WIUC-1</subfield>
    <subfield code="b">WIUC-1</subfield>
    <subfield code="c">GEN</subfield>
    <subfield code="d">2011-09-16</subfield>
    <subfield code="l">0</subfield>
    <subfield code="o">BF121 .H334</subfield>
    <subfield code="p">332/11</subfield>
    <subfield code="r">2011-09-16 00:00:00</subfield>
    <subfield code="t">5</subfield>
    <subfield code="w">2011-09-16</subfield>
    <subfield code="y">BK</subfield>
  </datafield>
  <datafield tag="952" ind1=" " ind2=" ">
    <subfield code="0">0</subfield>
    <subfield code="1">0</subfield>
    <subfield code="2">lcc</subfield>
    <subfield code="4">0</subfield>
    <subfield code="7">0</subfield>
    <subfield code="a">WIUC-1</subfield>
    <subfield code="b">WIUC-1</subfield>
    <subfield code="c">REF</subfield>
    <subfield code="d">2011-09-23</subfield>
    <subfield code="l">0</subfield>
    <subfield code="o">BF121 .H335</subfield>
    <subfield code="p">338/11</subfield>
    <subfield code="r">2011-09-23 00:00:00</subfield>
    <subfield code="t">6</subfield>
    <subfield code="w">2011-09-23</subfield>
    <subfield code="y">BK</subfield>
  </datafield>
</record>
